| 000 | 00533nam a22001817a 4500 | ||
|---|---|---|---|
| 003 | OSt | ||
| 005 | 20140310182339.0 | ||
| 008 | 130313t xxu||||| |||| 00| 0 eng d | ||
| 020 | _a0439686768 | ||
| 050 |
_aQE 29 _b.C629 2003 |
||
| 082 |
_aQE29 _bC629 2003 |
||
| 100 | _aClaybourne, Anna | ||
| 245 |
_aThe Usborne Internet-linked encyclopedia of planet earth / _cAnna Claybourne, Gillian Doherty and Rebecca Treays |
||
| 260 |
_aLondon : _bUsborne Pub., _cc2003. |
||
| 300 | _c27 cm. | ||
| 942 |
_2lcc _cBK-GS |
||
| 999 |
_c12107 _d12107 |
||